Rozpoznaj kraj po obrazku - Statystyki

Ogólne statystyki
  • Ten quiz został rozwiązany 80 razy
  • Średni wynik to 10 z 16
Statystyki odpowiedzi
Obrazkowy Odpowiedź % Poprawnych
Rosja
99%
Egipt
97%
Wielka Brytania
96%
Brazylia
92%
Japonia
86%
Meksyk
71%
Peru
56%
Hiszpania
55%
Holandia
52%
Tajlandia
51%
Szwajcaria
48%
USA
44%
Włochy
42%
Francja
37%
Madagaskar
26%
Argentyna
16%
Nie znaleziono quizów pasujących do podanych kryteriów
Rozkład punktacji
Procent ludzi z każdym wynikiem
Percentyl według liczby udzielonych odpowiedzi
Twoja historia wyników
Nie rozwiązałeś tego quizu